000 00951nam a22002295i 4500
001 176820
003 ES-MaACL
005 20251009181748.0
008 110211s1958 sp |||| | spa d
080 _a929 Carlos V
245 0 0 _aPliegos sueltos sobre el emperador Carlos Quinto
_b: (relaciones en verso) ; [prólogo de Ramón Carande ; noticia preliminar por Antonio Pérez Gómez].
260 _aValencia :
_bLa fonte que mana y corre,
_c1958.
300 _a2 v. ;
_c18 cm.
490 1 _aDuque y marqués : opúsculos literarios rarísimos ;
_v12-13
500 _aFacsímil de la port. de cada pliego.
600 0 4 _aCarlos
_bI,
_cRey de España-
_xBiografías
_935297
700 0 _aCarande, Ramón.
_934952
700 0 _aPérez y Gómez, Antonio,
_d1902-1976
_991216
830 0 _aDuque y marqués : opúsculos literarios rarísimos ;
_v12-13
_9190262
852 _aES-MaACL
_jE-14299-300
_xOlim P-292
999 _c176820
_d176820